Elements - continents : approaches to determinants of environmental history and their reifications : Leopoldina workshop, Göttingen, Germany, November 14 to 15, 2007 /

Korporativní autor: Deutsche Akademie der Naturforscher Leopoldina
Další autoři: Elements - Continents (seminář), Herrmann, Bernd, 1946-, Dahlke, Christine, Wissenschaftliche Verlagsgesellschaft, Deutsche Forschungsgemeinschaft
Jazyk: Němčina
Angličtina
Vydáno: Halle (Saale) : Stuttgart : Deutsche Akademie der Naturforscher Leopoldina - Nationale Akademie der Wissenschaften ;Wissenschaftliche Verlagsgesellschaft, 2009
Edice: Nova acta Leopoldina : Abhandlungen der Deutschen Akademie der Naturforscher Leopoldina. Neue Folge, Nr. 360, Bd. 98
Témata:
Fyzický popis: 304 s. : il. (převážně barev.) ; 24 cm
Language note: Část. německý text, anglická a německá resumé
Knihy
Uloženo v:
LEADER 02640nam a2200505 a 4500
001 001195255
003 CZ BrMZK
005 20120315072126.0
007 ta
008 120216s2009 gw a f 100 0 eng
020 |a 978-3-8047-2604-8  |q (brož.) 
040 |a BOA001  |b cze 
041 0 |a eng  |a ger  |b eng  |b ger 
072 7 |a 502  |x Životní prostředí a jeho ochrana  |2 Konspekt  |9 2 
080 |a 502.131.1:502.175  |2 MRF 
080 |a 502.175  |2 MRF 
080 |a 502.1  |2 MRF 
080 |a 502.11(091)  |2 MRF 
080 |a 94(100)  |2 MRF 
080 |a (062.534)  |2 MRF 
111 2 |a Elements - Continents (seminář)  |d (2007 :  |c Göttingen, Německo)  |7 mzk2012688190 
245 1 0 |a Elements - continents :  |b approaches to determinants of environmental history and their reifications : Leopoldina workshop, Göttingen, Germany, November 14 to 15, 2007 /  |c editors Bernd Herrmann, Christine Dahlke 
246 3 0 |a Approaches to determinants of environment history and their reifications 
260 |a Halle (Saale) :  |b Deutsche Akademie der Naturforscher Leopoldina - Nationale Akademie der Wissenschaften ;  |a Stuttgart :  |b Wissenschaftliche Verlagsgesellschaft,  |c 2009 
300 |a 304 s. :  |b il. (převážně barev.) ;  |c 24 cm 
490 1 |a Nova acta Leopoldina : Abhandlungen der Deutschen Akademie der Naturforscher Leopoldina. Neue Folge,  |x 0369-5034 ;  |v Nr. 360, Bd. 98 
500 |a Pod názvem: Deutsche Akademie der Naturforscher Leopoldina in collaboration with DFG Research Training Group "Interdisciplinary Environmental History" 
504 |a Obsahuje bibliografie a bibliografické odkazy 
546 |a Část. německý text, anglická a německá resumé 
650 0 7 |a indikátory trvale udržitelného rozvoje  |7 ph238381  |2 czenas 
650 0 7 |a monitorování životního prostředí  |7 ph122969  |2 czenas 
650 0 7 |a člověk a životní prostředí  |7 ph135365  |2 czenas 
650 0 7 |a environmentální dějiny  |7 ph214639  |2 czenas 
650 0 7 |a světové dějiny  |7 ph117271  |2 czenas 
655 7 |a sborníky konferencí  |7 fd133333  |2 czenas 
700 1 |a Herrmann, Bernd,  |d 1946-  |7 jn19990003441  |4 edt 
700 1 |a Dahlke, Christine  |7 mzk2012688165  |4 edt 
710 2 |a Deutsche Akademie der Naturforscher Leopoldina  |7 ko2002152588 
710 2 |a Wissenschaftliche Verlagsgesellschaft  |7 ko2003163627 
710 2 |a Deutsche Forschungsgemeinschaft  |7 ko2002152079 
810 2 |a Deutsche Akademie der Naturforscher Leopoldina.  |t Nova acta Leopoldina.  |p Neue Folge 
910 2 |a BOA001  |b 2-1280.057 
990 |a BK 
991 |b 201203  |c NOV  |e n 
996 7 |b 2610502494  |c 2-1280.057  |l MZK  |r Sklad / do 1 hodiny  |n 0  |p vým.  |w 001229035  |u 000010  |a 1  |e BOA001  |j MZK50  |s A